<?xml version="1.0" encoding="UTF-8"?>
<record
    xmlns:xsi="http://www.w3.org/2001/XMLSchema-instance"
    xsi:schemaLocation="http://www.loc.gov/MARC21/slim http://www.loc.gov/standards/marcxml/schema/MARC21slim.xsd"
    xmlns="http://www.loc.gov/MARC21/slim">

  <leader>01045aaa a2200253 a 4500</leader>
  <controlfield tag="001">78516</controlfield>
  <controlfield tag="003">BD-RjUL</controlfield>
  <controlfield tag="005">20211209083135.0</controlfield>
  <controlfield tag="008">210929s19691348ir ||||| |||| 001 0 per d</controlfield>
  <datafield tag="035" ind1=" " ind2=" ">
    <subfield code="a">(BD-RjUL)78742</subfield>
  </datafield>
  <datafield tag="040" ind1=" " ind2=" ">
    <subfield code="a">BD-RjUL</subfield>
    <subfield code="b">eng</subfield>
    <subfield code="c">BD-RjUL</subfield>
  </datafield>
  <datafield tag="041" ind1=" " ind2=" ">
    <subfield code="a">eng</subfield>
  </datafield>
  <datafield tag="082" ind1=" " ind2=" ">
    <subfield code="2">23</subfield>
    <subfield code="a">016.955</subfield>
    <subfield code="b">SHJ 1969</subfield>
  </datafield>
  <datafield tag="100" ind1="1" ind2="0">
    <subfield code="a">Shafa, Shuja al-Din ;; &#x634;&#x641;&#x627;&#x60C; &#x634;&#x62C;&#x627;&#x639; &#x627;&#x644;&#x62F;&#x649;&#x646;</subfield>
    <subfield code="9">138346</subfield>
  </datafield>
  <datafield tag="245" ind1="1" ind2="0">
    <subfield code="a">&#x62C;&#x647;&#x627;&#x646; &#x627;&#x64A;&#x631;&#x627;&#x646;'&#x634;&#x646;&#x627;&#x633;&#x649;  ;; Jah&#x101;n-i &#x12A;r&#x101;n'shin&#x101;s&#x12B; /</subfield>
    <subfield code="c"> Shuj&#x101;&#x304;&#x2BB; al-D&#x12B;n Shaf&#x101;.;;  &#x634;&#x62C;&#x627;&#x639; &#x627;&#x644;&#x62F;&#x649;&#x646; &#x634;&#x641;&#x627;</subfield>
  </datafield>
  <datafield tag="260" ind1=" " ind2=" ">
    <subfield code="a">&#x60C; [Tihr&#x101;n] :-</subfield>
    <subfield code="b"> [Kit&#x101;bkh&#x101;nah-i Pahlav&#x12B; va Dab&#x12B;rkh&#x101;nah-i Markaz&#x12B;-i Itti&#x1E25;&#x101;d&#x12B;yah-i Jah&#x101;n&#x12B;-i &#x12A;r&#x101;n Shin&#x101;s&#x12B;],</subfield>
    <subfield code="c">1348- [1969]</subfield>
  </datafield>
  <datafield tag="260" ind1=" " ind2=" ">
    <subfield code="a">&#x62A;&#x647;&#x631;&#x627;&#x646; :</subfield>
    <subfield code="b">&#x6A9;&#x62A;&#x627;&#x628;&#x62E;&#x627;&#x646;&#x647; &#x67E;&#x647;&#x644;&#x648;&#x649; &#x648; &#x62F;&#x628;&#x649;&#x631;&#x62E;&#x627;&#x646;&#x647; &#x645;&#x631;&#x6A9;&#x632;&#x649; &#x627;&#x62A;&#x62D;&#x627;&#x62F;&#x64A;&#x629; &#x62C;&#x647;&#x627;&#x646;&#x649; &#x627;&#x64A;&#x631;&#x627;&#x646; &#x634;&#x646;&#x627;&#x633;&#x649;],</subfield>
    <subfield code="c">&#x661;&#x663;&#x664;&#x668;- [&#x661;&#x669;&#x666;&#x669;]</subfield>
  </datafield>
  <datafield tag="300" ind1=" " ind2=" ">
    <subfield code="a">volumes ; </subfield>
    <subfield code="c">25 cm</subfield>
  </datafield>
  <datafield tag="505" ind1=" " ind2=" ">
    <subfield code="a">Vol. 1.--</subfield>
  </datafield>
  <datafield tag="650" ind1=" " ind2=" ">
    <subfield code="z">Iran </subfield>
    <subfield code="x">Bibliography.</subfield>
    <subfield code="9">248736</subfield>
  </datafield>
  <datafield tag="650" ind1=" " ind2=" ">
    <subfield code="z">Iran </subfield>
    <subfield code="x">Study and teaching.</subfield>
    <subfield code="9">248737</subfield>
  </datafield>
  <datafield tag="650" ind1=" " ind2=" ">
    <subfield code="a">Education.</subfield>
    <subfield code="9">248738</subfield>
  </datafield>
  <datafield tag="942" ind1=" " ind2=" ">
    <subfield code="2">ddc</subfield>
    <subfield code="c">REF</subfield>
  </datafield>
  <datafield tag="999" ind1=" " ind2=" ">
    <subfield code="c">78516</subfield>
    <subfield code="d">78516</subfield>
  </datafield>
  <datafield tag="952" ind1=" " ind2=" ">
    <subfield code="0">0</subfield>
    <subfield code="1">0</subfield>
    <subfield code="2">ddc</subfield>
    <subfield code="4">0</subfield>
    <subfield code="7">1</subfield>
    <subfield code="8">REF</subfield>
    <subfield code="a">RUCL</subfield>
    <subfield code="b">RUCL</subfield>
    <subfield code="c">Reference</subfield>
    <subfield code="d">2021-09-29</subfield>
    <subfield code="l">0</subfield>
    <subfield code="o">AR 016.955 SHJ V-1 1969</subfield>
    <subfield code="r">2021-09-29 00:00:00</subfield>
    <subfield code="t">C-1</subfield>
    <subfield code="w">2021-12-09</subfield>
    <subfield code="y">REF</subfield>
  </datafield>
</record>
